| 000 | 01205nam a2200265 4500 | ||
|---|---|---|---|
| 001 | 179959 | ||
| 003 | ES-MaACL | ||
| 005 | 20230927200850.0 | ||
| 008 | 120307s2010 sp a | |||||||| | spa d | ||
| 080 | _a711.4(817.4 B.)(060.64) | ||
| 080 | _a72(817.4 B.)(060.64) | ||
| 245 | 0 | 0 |
_aBrasilia, 50 años _b: medio siglo de la capital de Brasil : [exposição = exposición] / _c[coordenação geral e curadoria = coordinación general y comisariado, Danielle Athayde ; textos = textos, Andrey Rosenthal Schlee ... et al.]. |
| 246 | 3 | _aBrasilia, cincuenta años | |
| 260 |
_a[Madrid] : _bMinisterio de Vivienda, Centro de Publicaciones : _bFundación Cultural Hispano Brasileña, _cD.L. 2010. |
||
| 300 |
_a175 p. : _bil. col. y n. ; _c29 x 30 cm. |
||
| 546 | _aTextos en español y portugués. | ||
| 650 | 4 |
_aUrbanismo- _zBrasilia- _vExposiciones. _9149536 |
|
| 650 | 4 |
_aArquitectura- _zBrasilia- _vExposiciones. _9149537 |
|
| 655 | 7 |
_2tgfbne _9193628 _aCatálogos de exposiciones |
|
| 700 | 1 |
_aAthayde, Danielle. _9149538 |
|
| 700 | 1 |
_aSchlee, Andrey Rosenthal. _9149539 |
|
| 852 |
_aES-MaACL _jA-12040 _9186865 _bR.148526 _cDEPO1 _dOlim: N-5045 |
||
| 942 |
_2udc _cMONOGRAFIA |
||
| 999 |
_c179959 _d179959 |
||